[Event "Regency Masters"]
[Site "Ramsgate"]
[Date "1982.12.04"]
[Round "1.1"]
[White "Nunn, John DM"]
[Black "Upton, Timothy J"]
[Result "1-0"]
[WhiteElo "2565"]
[BlackElo "2295"]
[PlyCount "109"]
[EventDate "1982.12.04"]
[EventType "swiss"]
[EventRounds "9"]
[EventCountry "ENG"]
[SourceTitle "BritBase"]
[Source "John Saunders"]
[SourceDate "2021.10.06"]
[SourceVersion "1"]
[SourceVersionDate "2021.10.06"]
[SourceQuality "1"]

1. e4 e5 2. Bc4 Nc6 3. Nf3 Nf6 4. d3 Be7 5. O-O O-O 6. Bb3 d6 7. c3 Nd7 8. Nbd2
Nc5 9. Bc2 f5 10. exf5 Bxf5 11. d4 Nd3 12. d5 Nb8 13. Nc4 Nxc1 14. Bxf5 Rxf5
15. Rxc1 Nd7 16. Rc2 Qe8 17. Nfd2 Qg6 18. Ne4 Raf8 19. Re2 Rh5 20. f3 Qh6 21.
g3 Rhf5 22. Ree1 Qg6 23. Qa4 Nb6 24. Nxb6 axb6 25. Qc4 Bd8 26. Qe2 Qf7 27. c4
Rxf3 28. Rxf3 Qxf3 29. Qxf3 Rxf3 30. Nf2 Bg5 31. Kg2 Re3 32. Rxe3 Bxe3 33. Ne4
Kf7 34. a4 Bc1 35. b3 h5 36. Kf3 g5 37. h3 Ke7 38. g4 h4 39. Nf2 Kf6 40. Ke4
Bf4 41. Nd3 Bd2 42. b4 c5 43. bxc5 bxc5 44. Kf3 Ba5 45. Nf2 Bc7 46. Ne4+ Kg6
47. a5 Kh6 48. Ke3 Kg6 49. Kd3 Kg7 50. Kc2 Kf8 51. Kb3 Bxa5 52. Nxd6 Bb6 53.
Ne4 Bd8 54. Nxc5 b6 55. Nd7+ 1-0

[Event "Regency Masters"]
[Site "Ramsgate"]
[Date "1982.12.04"]
[Round "1.3"]
[White "Forintos, Gyozo Victor"]
[Black "Arkell, Keith C"]
[Result "1-0"]
[WhiteElo "2410"]
[BlackElo "2270"]
[PlyCount "127"]
[EventDate "1982.12.04"]
[EventType "swiss"]
[EventRounds "9"]
[EventCountry "ENG"]
[SourceTitle "BritBase"]
[Source "John Saunders"]
[SourceDate "2021.10.06"]
[SourceVersion "1"]
[SourceVersionDate "2021.10.06"]
[SourceQuality "1"]

1. c4 b6 2. Nc3 Bb7 3. e4 e6 4. d3 Nf6 5. Nf3 Bb4 6. Bd2 O-O 7. a3 Be7 8. Be2
d6 9. O-O Nbd7 10. h3 c5 11. Qc2 Ne5 12. Be3 Nfd7 13. Nh2 Nc6 14. f4 Bf6 15.
Nf3 a6 16. Bd1 Rb8 17. Qf2 b5 18. cxb5 axb5 19. Nxb5 Ba6 20. a4 Bxb5 21. axb5
Rxb5 22. e5 dxe5 23. Ba4 exf4 24. Bxb5 fxe3 25. Qxe3 Nd4 26. Bxd7 Qxd7 27. Ne5
Qd5 28. Ng4 Bg5 29. Qe5 Qxe5 30. Nxe5 Be3+ 31. Kh2 Nc2 32. Ra7 f6 33. Nc4 Bd4
34. Re7 Nb4 35. Rd1 f5 36. Kg3 Rf6 37. Kf3 h5 38. h4 Rg6 39. g3 Nd5 40. Re8+
Kh7 41. Re1 Nb4 42. R1xe6 Rxe6 43. Rxe6 {The next half-move is missing from
the bulletin but probably has to be} Nxd3 44. b3 Bf6 45. Ke3 Nc1 46. Rb6 Bc3
47. Kf3 Bb4 48. Ne3 Nxb3 49. Nxf5 Nc1 50. Rc6 Nb3 51. Rb6 Nc1 52. Ke3 Bc3 53.
Rb5 Bb4 54. Nd6 Nb3 55. Rb7 Nc1 56. Ne4 Kg6 57. Rc7 Nb3 58. Kf4 Nd4 59. Ke5
Nf3+ {Now the bulletin gives an illegal move 60 Nxc5 followed by 60...Bxc5 61
Rxc5 Kf5 62 Kd4 Kg4 63 Ke3 1-0, which is tricky to interpret. Perhaps a pair
of moves are missing, e.g.} 60. Kd5 Nh2 ({If} 60... Ba3 61. Nxc5 Bxc5 62. Rxc5
Kf5 {then 63 Kd4 would be illegal}) ({If} 60... Ne1 61. Nxc5 Bxc5 62. Rxc5 Kf5
63. Kd4+ Kg4 {when} 64. Rg5+ {seems much more likely than 64 Ke3.}) 61. Nxc5
Bxc5 62. Rxc5 Kf5 63. Kd4+ Kg4 64. Rg5+ (64. Ke3 {being highly improbable}) 1-0

[Event "Regency Masters"]
[Site "Ramsgate"]
[Date "1982.12.04"]
[Round "1.4"]
[White "Stehouwer, Coen"]
[Black "Short, Nigel D"]
[Result "0-1"]
[WhiteElo "2270"]
[BlackElo "2485"]
[PlyCount "102"]
[EventDate "1982.12.04"]
[EventType "swiss"]
[EventRounds "9"]
[EventCountry "ENG"]
[SourceTitle "BritBase"]
[Source "John Saunders"]
[SourceDate "2021.10.06"]
[SourceVersion "1"]
[SourceVersionDate "2021.10.06"]
[SourceQuality "1"]

1. e4 e6 2. d4 d5 3. Nd2 Nc6 4. Ngf3 Nf6 5. e5 Nd7 6. Be2 f6 7. exf6 Qxf6 8.
Nf1 b6 9. Ne3 Bb7 10. Ng4 Qf5 11. Ne3 Qf7 12. Ng5 Qg8 13. Bg4 Nd8 14. f4 Nf6
15. Be2 Bd6 16. O-O h6 17. Nh3 Nc6 18. c3 O-O-O 19. Ng4 Rf8 20. Ne5 g5 21. Bb5
Bxe5 22. fxe5 Ne4 23. Be3 Rxf1+ 24. Qxf1 Ne7 25. Nf2 Nf5 26. Re1 Kb8 27. Ba4
Qc8 28. Nxe4 dxe4 29. Qe2 Rf8 30. Bc2 Bd5 31. Bf2 e3 32. Bxe3 Nh4 33. Rf1 Nxg2
34. Rxf8 Qxf8 35. Bb3 Bf3 36. Qf2 Qf5 37. Bc1 Nh4 38. Bc2 Qg4+ 39. Qg3 Qh5 40.
h3 Bd5 41. Kf2 Bc4 42. Bd3 Bxa2 43. Qg4 Qf7+ 44. Ke1 Bd5 45. Qg3 a5 46. Kd1 Nf5
47. Qh2 Qh5+ 48. Kc2 Qf3 49. Be2 Bb3+ 50. Kb1 Qe4+ 51. Ka1 Qc6 0-1

[Event "Regency Masters"]
[Site "Ramsgate"]
[Date "1982.12.04"]
[Round "1.6"]
[White "De Boer, Gert Jan"]
[Black "King, Daniel J"]
[Result "1-0"]
[WhiteElo "2235"]
[BlackElo "2430"]
[PlyCount "53"]
[EventDate "1982.12.04"]
[EventType "swiss"]
[EventRounds "9"]
[EventCountry "ENG"]
[SourceTitle "BritBase"]
[Source "John Saunders"]
[SourceDate "2021.10.06"]
[SourceVersion "1"]
[SourceVersionDate "2021.10.06"]
[SourceQuality "1"]

1. c4 Nf6 2. Nc3 c5 3. g3 e6 4. Nf3 b6 5. Bg2 Bb7 6. O-O Be7 7. Re1 d6 8. e4 a6
9. d4 cxd4 10. Nxd4 Qc7 11. b3 b5 12. Bb2 bxc4 13. Rc1 Nbd7 14. Na4 Rc8 15.
Rxc4 Qb8 16. Rxc8+ Qxc8 17. Qc1 Qa8 18. Qc7 O-O 19. Nb6 Nxb6 20. Qxe7 Bxe4 21.
Nxe6 Re8 22. Nc7 Rxe7 23. Nxa8 Bxg2 24. Rxe7 Bxa8 25. Bxf6 gxf6 26. Re8+ Kg7
27. Rb8 1-0

[Event "Regency Masters"]
[Site "Ramsgate"]
[Date "1982.12.04"]
[Round "1.7"]
[White "Hebden, Mark L"]
[Black "Casa, Alex"]
[Result "1-0"]
[WhiteElo "2415"]
[BlackElo "2230"]
[PlyCount "73"]
[EventDate "1982.12.04"]
[EventType "swiss"]
[EventRounds "9"]
[EventCountry "ENG"]
[SourceTitle "BritBase"]
[Source "John Saunders"]
[SourceDate "2021.10.06"]
[SourceVersion "1"]
[SourceVersionDate "2021.10.06"]
[SourceQuality "1"]

1. e4 e5 2. f4 d5 3. exd5 e4 4. d3 Nf6 5. dxe4 Nxe4 6. Nf3 Bc5 7. Qe2 Qe7 8.
Nc3 Bf5 9. Be3 Nxc3 10. Bxc5 Nxe2 11. Bxe7 Nxf4 12. Ba3 Nd7 13. O-O-O O-O-O 14.
Rd4 Ng6 15. g4 Bxg4 16. Rxg4 Nf6 17. Rd4 Rxd5 18. Rxd5 Nxd5 19. Bc4 Ngf4 20.
Re1 c6 21. Ng5 f6 22. Nf7 Rg8 23. Bxd5 Nxd5 24. c4 Nb6 25. Nd6+ Kd7 26. b3 g5
27. Ne4 Rg6 28. Nc5+ Kd8 29. Ne6+ Kc8 30. Nf8 Rh6 31. Re8+ Kc7 32. Ne6+ Kd7 33.
Re7+ Kc8 34. Bd6 Na8 35. Nc5 Kd8 36. Rxb7 Nb6 37. Ne6+ 1-0

[Event "Regency Masters"]
[Site "Ramsgate"]
[Date "1982.12.04"]
[Round "1.10"]
[White "Morrison, Chris"]
[Black "Milos, Gilberto"]
[Result "0-1"]
[WhiteElo "2200"]
[BlackElo "2395"]
[PlyCount "56"]
[EventDate "1982.12.04"]
[EventType "swiss"]
[EventRounds "9"]
[EventCountry "ENG"]
[SourceTitle "BritBase"]
[Source "John Saunders"]
[SourceDate "2021.10.06"]
[SourceVersion "1"]
[SourceVersionDate "2021.10.06"]
[SourceQuality "1"]

1. e4 Nf6 2. e5 Nd5 3. d4 d6 4. c4 Nb6 5. exd6 cxd6 6. Be3 g6 7. Bd3 Bg7 8. Ne2
O-O 9. O-O Nc6 10. Nbc3 Bg4 11. h3 Bxe2 12. Bxe2 d5 13. c5 Nc4 14. Bxc4 dxc4
15. Ne2 Qd5 16. Rc1 Rfd8 17. Qc2 e5 18. dxe5 Nxe5 19. Rfd1 Qc6 20. Rxd8+ Rxd8
21. Nd4 Qa6 22. Qe4 f5 23. Qc2 f4 24. c6 fxe3 25. Ne6 Rd2 26. Qe4 exf2+ 27. Kh1
Qxc6 28. Qe3 f1=Q+ 0-1

[Event "Regency Masters"]
[Site "Ramsgate"]
[Date "1982.12.05"]
[Round "2.2"]
[White "Kurajica, Bojan"]
[Black "Kuijf, Marinus"]
[Result "1/2-1/2"]
[WhiteElo "2545"]
[BlackElo "2370"]
[PlyCount "48"]
[EventDate "1982.12.04"]
[EventType "swiss"]
[EventRounds "9"]
[EventCountry "ENG"]
[SourceTitle "BritBase"]
[Source "John Saunders"]
[SourceDate "2021.10.06"]
[SourceVersion "1"]
[SourceVersionDate "2021.10.06"]
[SourceQuality "1"]

1. d4 d5 2. Nf3 Nf6 3. c4 c6 4. Nbd2 Bf5 5. g3 e6 6. Bg2 Bd6 7. O-O h6 8. b3
O-O 9. Bb2 Nbd7 10. Ne5 Bxe5 11. dxe5 Ng4 12. cxd5 exd5 13. h3 Ngxe5 14. f4 Ng6
15. g4 Be4 16. Nxe4 dxe4 17. Bxe4 Re8 18. Qd4 Qb6 19. Bd3 Rad8 20. Kh2 Qxd4 21.
Bxd4 Nb6 22. Bc3 Nd5 23. Bd2 Nf6 24. Rad1 Rd4 1/2-1/2

[Event "Regency Masters"]
[Site "Ramsgate"]
[Date "1982.12.05"]
[Round "2.6"]
[White "Britton, Richard"]
[Black "Langeweg, Kick"]
[Result "0-1"]
[WhiteElo "2320"]
[BlackElo "2395"]
[PlyCount "44"]
[EventDate "1982.12.04"]
[EventType "swiss"]
[EventRounds "9"]
[EventCountry "ENG"]
[SourceTitle "BritBase"]
[Source "John Saunders"]
[SourceDate "2021.10.06"]
[SourceVersion "1"]
[SourceVersionDate "2021.10.06"]
[SourceQuality "1"]

1. e4 c5 2. Nf3 e6 3. d3 Nc6 4. g3 g6 5. Bg2 Bg7 6. O-O Nge7 7. c3 e5 8. Be3 d6
9. d4 exd4 10. cxd4 Qb6 11. Na3 Nxd4 12. Nxd4 cxd4 13. Nc4 Qc5 14. Rc1 Be6 15.
b4 Qxb4 16. Bxd4 Bxd4 17. Qxd4 O-O 18. Qxd6 Nc6 19. a3 Qb5 20. Ne3 Rfd8 21. Qf4
Nd4 22. Bf3 g5 (22... g5 23. Qf6 Qe5 $3 $19) 0-1

[Event "Regency Masters"]
[Site "Ramsgate"]
[Date "1982.12.05"]
[Round "2.9"]
[White "Binham, Timothy F"]
[Black "Hartoch, Robert G"]
[Result "1/2-1/2"]
[WhiteElo "2345"]
[BlackElo "2390"]
[PlyCount "67"]
[EventDate "1982.12.04"]
[EventType "swiss"]
[EventRounds "9"]
[EventCountry "ENG"]
[SourceTitle "BritBase"]
[Source "John Saunders"]
[SourceDate "2021.10.06"]
[SourceVersion "1"]
[SourceVersionDate "2021.10.06"]
[SourceQuality "1"]

1. e4 e5 2. Nc3 Bc5 3. Nf3 d6 4. Na4 Nd7 5. Nxc5 Nxc5 6. d4 exd4 7. Qxd4 Nf6 8.
e5 Ne6 9. Qd3 dxe5 10. Qxd8+ Nxd8 11. Nxe5 Bf5 12. Bd2 Ne6 13. O-O-O O-O 14. f3
Rfd8 15. g4 Bg6 16. Bc4 Nd7 17. Nxg6 hxg6 18. Rhe1 Ndf8 19. Be3 g5 20. a4 a6
21. Rxd8 Rxd8 22. Rd1 Rxd1+ 23. Kxd1 g6 24. Kd2 Kg7 25. Kd3 Kf6 26. Ke4 Ke7 27.
b4 f6 28. Bf2 Nd7 29. Bg3 c6 30. a5 f5+ 31. gxf5 Nf6+ 32. Ke5 Nd7+ 33. Ke4 Nf6+
34. Ke5 1/2-1/2

[Event "Regency Masters"]
[Site "Ramsgate"]
[Date "1982.12.05"]
[Round "2.15"]
[White "Law, Andrew P"]
[Black "Plaskett, H James"]
[Result "0-1"]
[WhiteElo "2365"]
[BlackElo "2430"]
[PlyCount "49"]
[EventDate "1982.12.04"]
[EventType "swiss"]
[EventRounds "9"]
[EventCountry "ENG"]
[SourceTitle "BritBase"]
[Source "John Saunders"]
[SourceDate "2021.10.06"]
[SourceVersion "1"]
[SourceVersionDate "2021.10.06"]
[SourceQuality "1"]

1. d4 Nf6 2. Nf3 c5 3. d5 g6 4. Nc3 Bg7 5. e4 O-O 6. Be2 d6 7. O-O Na6 8. Bf4
Nc7 9. a4 b6 10. Qd2 Bb7 11. Rfe1 Qd7 12. Bc4 a6 13. Qd3 Rad8 14. Ra3 e5 15.
Bd2 Rb8 16. Ba2 h6 17. Nd1 Nh5 18. b4 cxb4 19. Bxb4 f5 20. Qc4 Kh7 21. exf5
Rxf5 22. Qg4 Nf6 23. Qh3 Ncxd5 24. Bd2 Nh5 25. Nh4 0-1

[Event "Regency Masters"]
[Site "Ramsgate"]
[Date "1982.12.05"]
[Round "2.17"]
[White "Arkell, Keith C"]
[Black "Kosten, Anthony C"]
[Result "1/2-1/2"]
[WhiteElo "2270"]
[BlackElo "2340"]
[PlyCount "81"]
[EventDate "1982.12.04"]
[EventType "swiss"]
[EventRounds "9"]
[EventCountry "ENG"]
[SourceTitle "BritBase"]
[Source "John Saunders"]
[SourceDate "2021.10.06"]
[SourceVersion "1"]
[SourceVersionDate "2021.10.06"]
[SourceQuality "1"]

1. Nf3 Nf6 2. c4 e6 3. g3 c5 4. Bg2 d5 5. cxd5 Nxd5 6. Nc3 Nc6 7. d4 Nb6 8. Bg5
f6 9. dxc5 Qxd1+ 10. Rxd1 Bxc5 11. Bc1 Bd7 12. O-O Be7 13. Ne4 Nd5 14. Bd2 Rc8
15. Rc1 b6 16. a3 a5 17. Nc3 Nxc3 18. Rxc3 Bc5 19. Rfc1 Ke7 20. Kf1 e5 21. Be3
Bxe3 22. Rxe3 Nd4 23. Rec3 Nb3 24. Rxc8 Rxc8 25. Rxc8 Bxc8 26. Ke1 Bb7 27. Nh4
Bxg2 28. Nxg2 Ke6 29. Ne3 f5 30. Kd1 f4 31. Ng2 g5 32. Kc2 Nc5 33. gxf4 gxf4
34. b4 axb4 35. axb4 Ne4 36. f3 Nd6 37. Kd3 Nf5 38. Ke4 Nd6+ 39. Kd3 Nf5 40.
Ke4 Nd6+ 41. Kd3 1/2-1/2

[Event "Regency Masters"]
[Site "Ramsgate"]
[Date "1982.12.05"]
[Round "2.18"]
[White "King, Daniel J"]
[Black "Grooten, Herman"]
[Result "1-0"]
[WhiteElo "2430"]
[BlackElo "2305"]
[PlyCount "81"]
[EventDate "1982.12.04"]
[EventType "swiss"]
[EventRounds "9"]
[EventCountry "ENG"]
[SourceTitle "BritBase"]
[Source "John Saunders"]
[SourceDate "2021.10.06"]
[SourceVersion "1"]
[SourceVersionDate "2021.10.06"]
[SourceQuality "1"]

1. Nf3 Nf6 2. c4 c5 3. Nc3 e6 4. g3 b6 5. Bg2 Bb7 6. O-O d6 7. b3 Nbd7 8. d4
cxd4 9. Qxd4 a6 10. Rd1 Be7 11. e4 Qb8 12. Ba3 Nc5 13. e5 dxe5 14. Qxe5 Qa7 15.
Na4 O-O 16. Nxc5 bxc5 17. Qc7 Bd8 18. Qf4 Rc8 19. Ne5 Bxg2 20. Kxg2 Be7 21. Rd3
Qa8+ 22. Qf3 Ne4 23. Re3 f5 24. Nd7 Bf6 25. Rae1 Bd4 26. Nxf8 Rxf8 27. R3e2 Qe8
28. Bb2 e5 29. Bxd4 exd4 30. Qd3 Qh5 31. f3 Nc3 32. Re5 Rd8 33. Rxc5 Qg6 34.
Re7 f4 35. Qxg6 hxg6 36. Rcc7 fxg3 37. hxg3 Nxa2 38. Rxg7+ Kf8 39. Rgf7+ Kg8
40. Rfd7 Re8 41. Rxd4 1-0

[Event "Regency Masters"]
[Site "Ramsgate"]
[Date "1982.12.06"]
[Round "3.1"]
[White "Hebden, Mark L"]
[Black "Nunn, John DM"]
[Result "1/2-1/2"]
[WhiteElo "2415"]
[BlackElo "2565"]
[PlyCount "37"]
[EventDate "1982.12.04"]
[EventType "swiss"]
[EventRounds "9"]
[EventCountry "ENG"]
[SourceTitle "BritBase"]
[Source "John Saunders"]
[SourceDate "2021.10.06"]
[SourceVersion "1"]
[SourceVersionDate "2021.10.06"]
[SourceQuality "1"]

1. e4 g6 2. f4 d5 3. e5 h5 4. c3 Nh6 5. d4 c6 6. Na3 Bg4 7. Nf3 Nf5 8. Be2 e6
9. Nc2 Bxf3 10. Bxf3 Nh4 11. O-O Nxf3+ 12. Qxf3 Nd7 13. Be3 Be7 14. Kh1 Qb6 15.
b3 a5 16. Bg1 a4 17. c4 Qa6 18. Qc3 b5 19. c5 1/2-1/2

[Event "Regency Masters"]
[Site "Ramsgate"]
[Date "1982.12.06"]
[Round "3.2"]
[White "Langeweg, Kick"]
[Black "Manouck, Thierry"]
[Result "1/2-1/2"]
[WhiteElo "2395"]
[BlackElo "2385"]
[PlyCount "41"]
[EventDate "1982.12.04"]
[EventType "swiss"]
[EventRounds "9"]
[EventCountry "ENG"]
[SourceTitle "BritBase"]
[Source "John Saunders"]
[SourceDate "2021.10.06"]
[SourceVersion "1"]
[SourceVersionDate "2021.10.06"]
[SourceQuality "1"]

1. d4 Nf6 2. c4 d6 3. Nf3 Nbd7 4. Nc3 {(4.Nf3 given in bulletin - so it is
possible that 3 Nf3 and 4 Nc3 were actually 3 Nc3 and 4 Nf3)} e5 5. Bg5 Be7 6.
e3 c6 7. Qc2 h6 8. Bh4 O-O 9. Be2 Nh5 10. Bxe7 Qxe7 11. O-O Nhf6 12. b4 Re8 13.
Rab1 exd4 14. Nxd4 Ne5 15. Rbd1 Be6 16. b5 Rac8 17. bxc6 bxc6 18. Qa4 Rc7 19.
h3 Nfd7 20. Nxe6 Qxe6 21. Rd4 1/2-1/2

[Event "Regency Masters"]
[Site "Ramsgate"]
[Date "1982.12.06"]
[Round "3.3"]
[White "De Boer, Gert Jan"]
[Black "Kurajica, Bojan"]
[Result "0-1"]
[WhiteElo "2235"]
[BlackElo "2545"]
[PlyCount "108"]
[EventDate "1982.12.04"]
[EventType "swiss"]
[EventRounds "9"]
[EventCountry "ENG"]
[SourceTitle "BritBase"]
[Source "John Saunders"]
[SourceDate "2021.10.06"]
[SourceVersion "1"]
[SourceVersionDate "2021.10.06"]
[SourceQuality "1"]

1. d4 Nf6 2. c4 e6 3. Nf3 Bb4+ 4. Bd2 Qe7 5. g3 Bxd2+ 6. Qxd2 d6 7. Nc3 e5 8.
Bg2 O-O 9. O-O h6 10. e4 Bg4 11. d5 c6 12. Ne1 Na6 13. Nc2 cxd5 14. cxd5 Rac8
15. Rac1 Bd7 16. b4 Qd8 17. a3 Qb6 18. Ne3 Rc7 19. Na2 Rfc8 20. Rxc7 Nxc7 21.
Rc1 Nb5 22. Rxc8+ Bxc8 23. Nc2 Bd7 24. a4 Nc7 25. Nc3 a5 26. b5 Be8 27. Qe3 Na8
28. Qxb6 Nxb6 29. Ne3 Bd7 30. f3 Kf8 31. Bf1 Ke7 32. Kf2 Kd8 33. Ke1 g6 34. Kd2
Bc8 35. Bd3 Nfd7 36. Bc2 Nc5 37. Ke2 Bd7 38. f4 Nbxa4 39. Bxa4 Nxa4 40. Nxa4
Bxb5+ 41. Kd2 exf4 42. gxf4 Bxa4 43. Nc4 Kc7 44. Nxa5 f6 45. Nc4 g5 46. fxg5
fxg5 47. Ne3 Bd7 48. Kc3 h5 49. Kd4 h4 50. Nf1 b5 51. Kc3 g4 52. Kb4 Kb6 53.
Ne3 g3 54. hxg3 hxg3 0-1

[Event "Regency Masters"]
[Site "Ramsgate"]
[Date "1982.12.06"]
[Round "3.4"]
[White "Plaskett, H James"]
[Black "Short, Nigel D"]
[Result "0-1"]
[WhiteElo "2430"]
[BlackElo "2485"]
[PlyCount "68"]
[EventDate "1982.12.04"]
[EventType "swiss"]
[EventRounds "9"]
[EventCountry "ENG"]
[SourceTitle "BritBase"]
[Source "John Saunders"]
[SourceDate "2021.10.06"]
[SourceVersion "1"]
[SourceVersionDate "2021.10.06"]
[SourceQuality "1"]

1. d4 e6 2. Nf3 Nf6 3. c4 b6 4. a3 Be7 5. Nc3 d5 6. cxd5 exd5 7. g3 O-O 8. Bg2
Bf5 9. O-O Ne4 10. Nd2 Nxc3 11. bxc3 Nc6 12. Bb2 Na5 13. e4 dxe4 14. Qe2 Re8
15. Nxe4 Bf8 16. Qd3 Qd7 17. c4 Qe6 18. Rfe1 Nxc4 19. Nf6+ Qxf6 20. Qxc4 Rac8
21. Bb7 Rb8 22. Qxc7 Bd6 23. Qc6 Re7 24. Ba6 Bd7 25. Qc3 Rxe1+ 26. Rxe1 b5 27.
Qb3 Bf8 28. Qd5 Bc6 29. Qh5 Ba8 30. Qe5 Qf3 31. Kf1 Rb6 32. Bc8 Rf6 33. Qe3
Qg2+ 34. Ke2 Rf3 0-1

[Event "Regency Masters"]
[Site "Ramsgate"]
[Date "1982.12.06"]
[Round "3.5"]
[White "Flear, Glenn C"]
[Black "Forintos, Gyozo Victor"]
[Result "0-1"]
[WhiteElo "2365"]
[BlackElo "2410"]
[PlyCount "59"]
[EventDate "1982.12.04"]
[EventType "swiss"]
[EventRounds "9"]
[EventCountry "ENG"]
[SourceTitle "BritBase"]
[Source "John Saunders"]
[SourceDate "2021.10.06"]
[SourceVersion "1"]
[SourceVersionDate "2021.10.06"]
[SourceQuality "1"]

1. d4 e6 2. c4 b6 3. e4 Bb7 4. Bd3 Qh4 (4... f5 5. exf5 Bxg2 6. Qh5+ g6 7. fxg6
Bg7 8. gxh7+ Kf8 9. Bg5 Nf6 10. Qh4 Bxh1 11. Ne2 Nc6 12. Nd2 b5 $5 13. O-O-O (
13. cxb5 {Flear,G (2390)-Plaskett,H (2405), British Championship 1982 (½-½,
62)}) 13... bxc4 14. Bb1 Bd5 15. Nf4 Rb8 16. Rg1 Rxb2 17. Kxb2 Qb8+ 18. Kc1 Kf7
19. Bh6 Bxh6 20. Bg6+ Kg7 21. Bh5+ Kxh7 22. Qxf6 {1-0, Flear,G (2390)-Plaskett,
H (2405), England 1982}) 5. Nf3 $5 (5. Qe2 $14 {A.Martin/bulletin}) 5... Qg4 6.
O-O Bxe4 7. Bxe4 Qxe4 8. Nc3 Qb7 9. d5 Nf6 10. Bf4 Be7 11. Nb5 (11. dxe6 fxe6
12. Re1) 11... d6 12. Qe2 a6 13. dxe6 O-O 14. Nbd4 Nh5 15. Bg5 f6 16. Bd2 g6
17. Bh6 Ng7 18. Rad1 Re8 19. Bxg7 Kxg7 20. Nh4 c5 21. Ndf5+ gxf5 22. Qh5 Rg8
23. Rd3 Kh8 24. Rg3 $2 (24. Qf7 $1 $18) 24... Nc6 25. Ng6+ Rxg6 26. Rxg6 Ne5
27. Rh6 Bf8 28. Rxf6 Qe7 29. Rxf5 Qxe6 30. f4 {time} 0-1

[Event "Regency Masters"]
[Site "Ramsgate"]
[Date "1982.12.06"]
[Round "3.6"]
[White "Kuijf, Marinus"]
[Black "Milos, Gilberto"]
[Result "0-1"]
[WhiteElo "2370"]
[BlackElo "2395"]
[PlyCount "60"]
[EventDate "1982.12.04"]
[EventType "swiss"]
[EventRounds "9"]
[EventCountry "ENG"]
[SourceTitle "BritBase"]
[Source "John Saunders"]
[SourceDate "2021.10.06"]
[SourceVersion "1"]
[SourceVersionDate "2021.10.06"]
[SourceQuality "1"]

1. e4 d5 2. exd5 Qxd5 3. Nc3 Qa5 4. Nf3 Nf6 5. Bc4 Bf5 6. d4 Nbd7 7. Bd2 c6 8.
Qe2 Qc7 9. O-O-O b5 10. Bd3 Bxd3 11. Qxd3 e6 12. h4 Bd6 13. h5 a5 14. h6 g6 15.
Ng5 O-O 16. Nce4 Be7 17. Qf3 Nd5 18. Kb1 b4 19. Rh4 a4 20. Qh3 Qb6 21. Bc1 c5
22. dxc5 Nxc5 23. Nxc5 Bxc5 24. Ne4 Be7 25. Ka1 a3 26. Rh5 f5 27. Ng5 Bf6 28.
f4 axb2+ 29. Bxb2 Nc3 30. Bxc3 bxc3 0-1

[Event "Regency Masters"]
[Site "Ramsgate"]
[Date "1982.12.06"]
[Round "3.8"]
[White "Binham, Timothy F"]
[Black "King, Daniel J"]
[Result "0-1"]
[WhiteElo "2345"]
[BlackElo "2430"]
[PlyCount "80"]
[EventDate "1982.12.04"]
[EventType "swiss"]
[EventRounds "9"]
[EventCountry "ENG"]
[SourceTitle "BritBase"]
[Source "John Saunders"]
[SourceDate "2021.10.06"]
[SourceVersion "1"]
[SourceVersionDate "2021.10.06"]
[SourceQuality "1"]

1. e4 c6 2. d4 d5 3. exd5 cxd5 4. c4 Nf6 5. Nc3 g6 6. cxd5 Bg7 7. Bb5+ Nbd7 8.
d6 exd6 9. Qe2+ Qe7 10. Bf4 a6 11. Bxd6 Qxe2+ 12. Bxe2 Nb6 13. Nf3 Be6 14. O-O
Nfd5 15. Nxd5 Bxd5 16. Rfe1 Kd7 17. Bf4 f6 18. Rac1 Rhc8 19. b3 Bf8 20. Rxc8
Rxc8 21. Rc1 Bc6 22. Nd2 Nd5 23. Bg3 Bh6 24. Rc2 Re8 25. Kf1 Nb4 26. Rb2 Bxg2+
27. Kxg2 Rxe2 28. Nc4 Rxb2 29. Nxb2 Nxa2 30. Kf3 Nc1 31. b4 Na2 32. Nd3 Bf8 33.
b5 axb5 34. Ke4 Nc3+ 35. Ke3 Nd5+ 36. Kd2 h5 37. f3 g5 38. h3 Bd6 39. Bf2 Nf4
40. h4 Ke6 {(Last move given as 'Kf6')} 0-1

[Event "Regency Masters"]
[Site "Ramsgate"]
[Date "1982.12.06"]
[Round "3.9"]
[White "Hartoch, Robert G"]
[Black "Pagden, Michael Ashley"]
[Result "1/2-1/2"]
[WhiteElo "2390"]
[BlackElo "2300"]
[PlyCount "76"]
[EventDate "1982.12.04"]
[EventType "swiss"]
[EventRounds "9"]
[EventCountry "ENG"]
[SourceTitle "BritBase"]
[Source "John Saunders"]
[SourceDate "2021.10.06"]
[SourceVersion "1"]
[SourceVersionDate "2021.10.06"]
[SourceQuality "1"]

1. e4 g6 2. d4 Bg7 3. Nc3 d6 4. Nge2 Nf6 5. g3 O-O 6. Bg2 e5 7. h3 Nc6 8. Be3
exd4 9. Nxd4 Re8 10. O-O Bd7 11. Re1 Nxd4 12. Bxd4 Bc6 13. Qd2 Qd7 14. Re2 Re7
15. Rae1 a6 16. Kh2 Rae8 17. f4 Nh5 18. Bf3 Bxd4 19. Qxd4 Ng7 20. Nd5 Bxd5 21.
Qxd5 c6 22. Qd3 f5 23. c3 fxe4 24. Rxe4 d5 25. Rxe7 Rxe7 26. Rxe7 Qxe7 27. Qe2
Qxe2+ 28. Bxe2 Nf5 29. g4 Nd6 30. Kg3 Kf7 31. Bd3 a5 32. a4 b6 33. Kf3 c5 34.
Ke3 Kf6 35. h4 h5 36. g5+ Kf7 37. b3 Kg7 38. Bc2 Kf7 1/2-1/2

[Event "Regency Masters"]
[Site "Ramsgate"]
[Date "1982.12.07"]
[Round "4.1"]
[White "Nunn, John DM"]
[Black "Langeweg, Kick"]
[Result "1/2-1/2"]
[WhiteElo "2565"]
[BlackElo "2395"]
[PlyCount "87"]
[EventDate "1982.12.04"]
[EventType "swiss"]
[EventRounds "9"]
[EventCountry "ENG"]
[SourceTitle "BritBase"]
[Source "John Saunders"]
[SourceDate "2020.09.07"]
[SourceVersion "1"]
[SourceVersionDate "2020.09.07"]
[SourceQuality "2"]

1. e4 e5 2. Bc4 Nf6 3. d3 c6 4. Nf3 d5 5. Bb3 Bd6 6. Nc3 Be6 7. Bg5 Qa5 8. O-O
Nbd7 9. Re1 d4 10. Ne2 h6 11. Bd2 Qc7 12. Bxe6 fxe6 13. c3 dxc3 14. Bxc3 O-O
15. b4 Rae8 16. Ng3 Nh7 17. Qb3 Rf7 18. Rad1 Nhf8 19. Nd2 Qd8 20. Nc4 Bc7 21.
b5 c5 22. Nf1 Qh4 23. f3 Ng6 24. Qb2 Qg5 25. Kh1 Ref8 26. a4 Nh4 27. Nfe3 b6
28. Rf1 h5 29. Qd2 Qd8 30. a5 g5 31. axb6 axb6 32. Qb2 Ng6 33. Kg1 Rg7 34. Rd2
Qf6 35. Qb3 Rgf7 36. Ra2 Nf4 37. Qd1 Bb8 38. Ra6 Qd8 39. Rf2 Ng6 40. Raa2 Nf4
41. Qf1 Ng6 42. g3 Rh7 43. Qa1 Rhf7 44. Qf1 {Source: not recorded. Contributed
by Gerald Hartmann, 13 October 2021} 1/2-1/2